00271nam a2200097Ia 4500008004100000100001800041245003800059245001900097260000900116856004800125160531s9999 xx 000 0 und d aBruce, David. aPhilosophy for the Masses: Ethics cby David Bruce c2013 uhttp://www.smashwords.com/books/view/374071